| 000 | 01033naa a2200313 c 4500 | ||
|---|---|---|---|
| 001 | 28523 | ||
| 003 | ES-MaCES | ||
| 005 | 20150724115851.0 | ||
| 008 | 960206n1995 xxk ||| | eng d | ||
| 035 | _aCES19980024613v | ||
| 040 |
_aES-MaCES _bspa _cES-MaCES |
||
| 100 | 1 |
_aNeven, Damien _919588 |
|
| 245 | 1 | 0 |
_aEuropean industrial policy _b: the Airbus case _cDamien Neven and Paul Seabright |
| 504 | _aBibliografía: p. 357-358 | ||
| 610 | 2 | 4 |
_aConsorcio Airbus _92552 |
| 650 | 4 |
_aEuropa _926940 |
|
| 650 | 4 |
_apolítica industrial _927627 |
|
| 650 | 4 |
_aayuda al desarrollo _926634 |
|
| 650 | 4 |
_aintervención estatal _929380 |
|
| 650 | 4 |
_aindustria aeroespacial _926764 |
|
| 650 | 4 |
_aindustria aeronáutica _927854 |
|
| 653 | 1 | 0 | _aIndustria-Energía |
| 650 | 4 |
_928078 _aayuda estatal |
|
| 700 | 1 |
_aSeabright, Paul _923770 |
|
| 773 | 0 |
_tEconomic policy _gNo. 21 (Oct. 1995) ; p. 315-358 _w(ES-MaCES)25375 |
|
| 902 | _aART Artículo de revista | ||
| 942 |
_2CES _cAR _h5.2. |
||
| 999 |
_c28523 _d28523 |
||